000 00577cam a2200181 4500500
005 20260405002745.0
041 _afre
042 _adc
100 1 0 _aPortevin, Catherine
_eauthor
700 1 0 _aPortevin, Catherine
_eauthor
245 0 0 _aCes hommes qui m’expliquent la vie
260 _c2018.
500 _a35
690 _aHarvey Weinstein
690 _aRebecca Solnit
786 0 _nPhilosophie magazine | 121 | 8 | 2018-07-01 | p. 45-45 | 1951-1787
856 4 1 _uhttps://shs.cairn.info/magazine-philosophie-magazine-2018-8-page-45?lang=fr&redirect-ssocas=7080
999 _c2060819
_d2060819